000 00562nam a2200229Ia 4500
003 OSt
005 20220912153129.0
006 a|||||r|||| 00| 0
007 ta
008 220909b |||||||| |||| 00| 0 eng d
024 _a19925
037 _cTextual
040 _aCSL
_beng
_cCSL
041 _aeng
082 _aB27, 121K9
100 _aSzego G P
245 0 _aSemigruppi di trasformazioni multivoche
300 _ap.
_ccm.
700 _a Treccani G
942 _hB27, 121K9
_cTEXL
_2CC
999 _c98491
_d98491